[Event "Hamburg-ch Seniors 65+"]
[Site "Hamburg"]
[Date "2018.11.07"]
[Round "8"]
[White "Eberhardt, Michael"]
[Black "Hotze, Kurt"]
[Result "1-0"]
[WhiteElo "1763"]
[BlackElo "1693"]
[PlyCount "81"]
[EventDate "2018.10.31"]
[EventType "swiss"]
[EventRounds "9"]
[EventCountry "GER"]
[SourceTitle "CBM 189 Extra"]
[Source "ChessBase"]
[SourceDate "2019.06.03"]
[SourceVersion "1"]
[SourceVersionDate "2019.06.03"]
[SourceQuality "1"]

1. Nf3 Nf6 2. c4 g6 3. b4 Bg7 4. Bb2 d6 5. d3 0-0 6. g3 e5 7. Qc2 c6 8. Bg2 Be6 9. 0-0 a5 10. a3 Na6 11. bxa5 Qxa5 12. Nbd2 Nc5 13. Bc3 Qc7 14. a4 Rfe8 15. e4 Nh5 16. Nb3 Nxa4 17. Ba5 b6 18. Rxa4 bxa5 19. Rfa1 f5 20. Ng5 f4 21. Nxe6 Rxe6 22. Bh3 Ree8 23. g4 Nf6 24. f3 g5 25. Rxa5 Rxa5 26. Rxa5 Rb8 27. Qa2 Rxb3 28. Ra8+ Rb8 29. c5+ d5 30. Bf1 Nd7 31. exd5 Rxa8 32. Qxa8+ Bf8 33. d6 Qb8 34. Qxc6 Qa7 35. d4 exd4 36. Qd5+ Kh8 37. c6 d3+ 38. Kg2 Qe3 39. cxd7 Qd2+ 40. Kh1 Qd1 41. Qxd3 1-0

[Event "GER-ch Seniors 65"]
[Site "Hamburg"]
[Date "2018.07.21"]
[Round "1"]
[White "Maahs, Erich"]
[Black "Eberhardt, Michael"]
[Result "1-0"]
[WhiteElo "2047"]
[BlackElo "1730"]
[PlyCount "107"]
[EventDate "2018.07.21"]
[EventType "swiss"]
[EventRounds "9"]
[EventCountry "GER"]
[SourceTitle "CBM 186 Extra"]
[Source "ChessBase"]
[SourceDate "2018.08.24"]
[SourceVersion "1"]
[SourceVersionDate "2018.08.24"]
[SourceQuality "1"]

1. d4 Nf6 2. Bg5 c6 3. c3 d5 4. Qc2 Ne4 5. Bf4 Bf5 6. Qb3 Qb6 7. g4 Qxb3 8. axb3 Bc8 9. Bxb8 Rxb8 10. Rxa7 g6 11. f3 Nd6 12. e3 Bg7 13. Nd2 0-0 14. Ne2 f5 15. g5 e5 16. dxe5 Bxe5 17. f4 Bg7 18. b4 Nb5 19. Ra1 Nd6 20. Bg2 Re8 21. Kf2 Bd7 22. Rhe1 Be6 23. Nd4 Bf7 24. h4 Ra8 25. Nc2 Ne4+ 26. Nxe4 dxe4 27. Rxa8 Rxa8 28. Ra1 Rxa1 29. Nxa1 Bc4 30. Bf1 Bxf1 31. Kxf1 Kf7 32. Ke2 Ke6 33. Kd2 Kd5 34. Kc2 Kc4 35. Nb3 b6 36. Nd2+ Kd5 37. Kb3 Bf8 38. c4+ Ke6 39. Nb1 h6 40. Nc3 hxg5 41. hxg5 Bd6 42. Ne2 Bf8 43. Nd4+ Kd7 44. Nc2 Ke6 45. Ka4 Bg7 46. b5 Bxb2 47. bxc6 Kd6 48. Kb5 Kc7 49. Nb4 Kc8 50. Nd5 Ba3 51. Kxb6 Bf8 52. c7 Bd6 53. Kc6 Bf8 54. Nb6# 1-0

[Event "Schleswig-Holstein-ch Seniors-B"]
[Site "Bad Segeberg"]
[Date "2018.03.26"]
[Round "4"]
[White "Eberhardt, Michael"]
[Black "Jessen, Hilke"]
[Result "1/2-1/2"]
[WhiteElo "1790"]
[BlackElo "1903"]
[PlyCount "79"]
[EventDate "2018.03.24"]
[EventType "swiss"]
[EventRounds "9"]
[EventCountry "GER"]
[SourceTitle "EXT 2023"]
[Source "ChessBase"]
[SourceDate "2022.10.05"]
[SourceVersion "1"]
[SourceVersionDate "2022.10.05"]
[SourceQuality "1"]

1. d4 d5 2. c4 e6 3. Nf3 Nd7 4. Nc3 c6 5. Bf4 Ngf6 6. e3 Be7 7. h3 0-0 8. Bd3 Re8 9. 0-0 Nf8 10. Rc1 Ng6 11. Bh2 Bd6 12. Ne5 Nd7 13. Qh5 dxc4 14. Bxc4 Ndf8 15. Ne4 Bc7 16. Qf3 Qe7 17. Nd3 Bxh2+ 18. Kxh2 Nh4 19. Qe2 b6 20. g3 Nhg6 21. Nc3 Bb7 22. a3 Rac8 23. Ne1 Nd7 24. Ba6 Nf6 25. Bxb7 Qxb7 26. Qf3 e5 27. Nc2 e4 28. Qe2 Qb8 29. f4 Ne7 30. Qf2 Qd6 31. Kg2 Qd7 32. f5 Ned5 33. Nxd5 Nxd5 34. Qe1 Red8 35. Nb4 Ne7 36. f6 Nd5 37. Nxd5 Qxd5 38. fxg7 Rd6 39. Qf2 Rc7 40. Qf4 1/2-1/2

[Event "Kiel op 30th"]
[Site "Kiel"]
[Date "2017.07.30"]
[Round "3"]
[White "Eberhardt, Michael"]
[Black "Basey, Matthew"]
[Result "0-1"]
[WhiteElo "1812"]
[BlackElo "1793"]
[PlyCount "70"]
[EventDate "2017.07.29"]
[EventType "swiss"]
[EventRounds "9"]
[EventCountry "GER"]
[SourceTitle "EXT 2018"]
[Source "ChessBase"]
[SourceDate "2017.10.13"]
[SourceVersion "1"]
[SourceVersionDate "2017.10.13"]
[SourceQuality "1"]

1. Nf3 Nf6 2. c4 e6 3. g3 d5 4. b3 Be7 5. Bg2 0-0 6. 0-0 c5 7. Bb2 Nc6 8. e3 Qb6 9. Nc3 dxc4 10. Na4 Qc7 11. bxc4 b6 12. Nc3 a6 13. Qe2 Bb7 14. d4 cxd4 15. exd4 Rfd8 16. Rad1 Na5 17. Rc1 Qxc4 18. Qe3 Qb4 19. Ba1 Nc4 20. Qe2 Rac8 21. Rfd1 b5 22. Rb1 Qd6 23. Bh3 b4 24. Na4 Qc6 25. Rb3 Qxa4 26. Bxe6 Bxf3 27. Rxf3 fxe6 28. Qxe6+ Kh8 29. Re1 Qc6 30. Qxc6 Rxc6 31. Rxe7 Nd2 32. Rd3 Rc1+ 33. Kg2 Nc4 34. d5 Rxa1 35. Rc7 Nd6 0-1

[Event "Kiel op 28th"]
[Site "Kiel"]
[Date "2015.07.28"]
[Round "6"]
[White "Eberhardt, Michael"]
[Black "Gutschenreiter, Dorian"]
[Result "0-1"]
[WhiteElo "1827"]
[BlackElo "1865"]
[PlyCount "96"]
[EventDate "2015.07.25"]
[EventType "swiss"]
[EventRounds "9"]
[EventCountry "GER"]
[SourceTitle "CBM 167 Extra"]
[Source "ChessBase"]
[SourceDate "2015.09.14"]
[SourceVersion "1"]
[SourceVersionDate "2015.09.14"]
[SourceQuality "1"]

1. d4 Nf6 2. c4 g6 3. Nc3 Bg7 4. g3 0-0 5. Bg2 d6 6. Nf3 Nc6 7. 0-0 e5 8. dxe5 dxe5 9. Qc2 Qe7 10. h3 h6 11. e4 Nd4 12. Nxd4 exd4 13. Nb5 Rd8 14. Bf4 Ne8 15. Rad1 c6 16. Na3 Nc7 17. Qc1 Kh7 18. Rfe1 Ne6 19. Bd2 d3 20. Bc3 Nd4 21. Bxd4 Bxd4 22. Nb1 Qe5 23. Qf4 Qxf4 24. gxf4 Bxb2 25. Bf1 Be6 26. Nd2 Bc3 27. Re3 Bxd2 28. Rxd2 Bxc4 29. Bxd3 Rd4 30. e5 Kg7 31. f5 gxf5 32. Rg3+ Kf8 33. Rf3 Rad8 34. Bxc4 Rxd2 35. Rxf5 R8d7 36. e6 Re7 37. exf7 b5 38. Bb3 a5 39. a4 Rb2 40. Rf3 bxa4 41. Bc4 Rc2 42. Rf4 a3 43. Rg4 Rxc4 44. Rxc4 Re1+ 45. Kg2 a2 46. Rxc6 a1Q 47. Rxh6 Qg7+ 48. Kh2 Qg1# 0-1

[Event "Kiel op 28th"]
[Site "Kiel"]
[Date "2015.07.26"]
[Round "3"]
[White "Kiep, Fabian"]
[Black "Eberhardt, Michael"]
[Result "1/2-1/2"]
[WhiteElo "1703"]
[BlackElo "1827"]
[PlyCount "87"]
[EventDate "2015.07.25"]
[EventType "swiss"]
[EventRounds "9"]
[EventCountry "GER"]
[SourceTitle "CBM 167 Extra"]
[Source "ChessBase"]
[SourceDate "2015.09.14"]
[SourceVersion "1"]
[SourceVersionDate "2015.09.14"]
[SourceQuality "1"]

1. e4 d5 2. exd5 Nf6 3. d4 Bg4 4. Be2 Bxe2 5. Nxe2 Qxd5 6. 0-0 Nc6 7. Nbc3 Qh5 8. Ng3 Qxd1 9. Rxd1 0-0-0 10. Nce2 e5 11. Be3 Nd5 12. dxe5 Nxe3 13. Rxd8+ Kxd8 14. fxe3 Nxe5 15. Rd1+ Kc8 16. e4 Bc5+ 17. Nd4 Rd8 18. c3 Nc6 19. Nge2 Re8 20. Ng3 g6 21. Kf1 Ne5 22. Nc2 Ng4 23. h3 Nf2 24. Rd5 Bb6 25. e5 f5 26. exf6 Ne4 27. Nxe4 Rxe4 28. Rd2 Rf4+ 29. Ke1 Rxf6 30. Nd4 a6 31. Nf3 Bc5 32. Re2 Bd6 33. c4 Bg3+ 34. Kd2 Bf4+ 35. Kc3 c5 36. b3 g5 37. Ne1 b6 38. Nd3 Bd6 39. Nf2 Kc7 40. Kd3 Rg6 41. Ng4 h5 42. Ne3 Kd7 43. Nd5 b5 44. cxb5 1/2-1/2

[Event "Sachsen-Anhalt-ch Seniors 23rd"]
[Site "Halberstadt"]
[Date "2015.06.05"]
[Round "6"]
[White "Gismann, Juergen"]
[Black "Eberhardt, Michael"]
[Result "0-1"]
[WhiteElo "1559"]
[BlackElo "1682"]
[PlyCount "108"]
[EventDate "2015.05.31"]
[EventType "swiss"]
[EventRounds "7"]
[EventCountry "GER"]
[SourceTitle "EXT 2018"]
[Source "ChessBase"]
[SourceDate "2017.10.13"]
[SourceVersion "1"]
[SourceVersionDate "2017.10.13"]
[SourceQuality "1"]

1. e4 d5 2. exd5 Nf6 3. Nc3 a6 4. d4 Bg4 5. Be2 Bxe2 6. Qxe2 Nxd5 7. Nxd5 Qxd5 8. Nf3 Nc6 9. c3 0-0-0 10. 0-0 g6 11. Qc2 Bg7 12. Re1 e5 13. dxe5 Nxe5 14. Nxe5 Bxe5 15. Be3 Bd6 16. Bd4 Rhg8 17. Bf6 Rde8 18. Qa4 Re6 19. Rxe6 Qxe6 20. Bd4 Re8 21. g3 f5 22. b4 c6 23. Qd1 f4 24. a4 fxg3 25. hxg3 Rd8 26. Qf3 Bxb4 27. cxb4 Rxd4 28. b5 Qd5 29. Qf8+ Qd8 30. Qf3 Qb6 31. bxc6 Qxc6 32. Qe3 Qd7 33. Rc1+ Kb8 34. Qe5+ Ka7 35. Rc7 Rd1+ 36. Kh2 Qd5 37. Qxd5 Rxd5 38. Rxh7 Kb6 39. Rh4 Kc6 40. Re4 Rh5+ 41. Kg2 Rd5 42. f4 b5 43. axb5+ axb5 44. Kf3 Kc5 45. Ke3 b4 46. Re5 Rxe5+ 47. fxe5 Kd5 48. e6 Kxe6 49. Kd3 Kf5 50. Kc4 Kg4 51. Kxb4 Kxg3 52. Kc3 g5 53. Kd3 Kf3 54. Kd2 Kf2 0-1

[Event "Sachsen-Anhalt-ch Seniors 23rd"]
[Site "Halberstadt"]
[Date "2015.06.03"]
[Round "4"]
[White "Eberhardt, Michael"]
[Black "Baerthel, Klaus"]
[Result "0-1"]
[WhiteElo "1682"]
[BlackElo "1842"]
[PlyCount "98"]
[EventDate "2015.05.31"]
[EventType "swiss"]
[EventRounds "7"]
[EventCountry "GER"]
[SourceTitle "EXT 2018"]
[Source "ChessBase"]
[SourceDate "2017.10.13"]
[SourceVersion "1"]
[SourceVersionDate "2017.10.13"]
[SourceQuality "1"]

1. d4 Nf6 2. Bf4 g6 3. e3 Bg7 4. Nf3 0-0 5. c4 c5 6. Nc3 Qa5 7. Be2 d5 8. 0-0 dxc4 9. Bxc4 a6 10. Qe2 b5 11. Bd3 c4 12. Bc2 Bb7 13. e4 e6 14. Ne5 Nc6 15. Nxc6 Bxc6 16. f3 b4 17. Nd1 Bb5 18. a4 b3 19. Nc3 Bd7 20. Bb1 Rac8 21. Be3 Rfd8 22. Rd1 Be8 23. d5 exd5 24. exd5 Bd7 25. Be4 Re8 26. Bd4 Nxe4 27. fxe4 Bxd4+ 28. Rxd4 Qc5 29. Qf2 f5 30. Re1 Re5 31. Rd2 Qxf2+ 32. Rxf2 fxe4 33. Nxe4 Kg7 34. Rfe2 Bxa4 35. Nc3 Rxe2 36. Rxe2 Re8 37. Rd2 Bb5 38. d6 Kf6 39. Nd5+ Kf5 40. Nc7 Rd8 41. Rd5+ Ke4 42. Rd2 Ke3 43. Rd5 Ke4 44. Rd2 Ke3 45. Rd5 c3 46. bxc3 b2 47. Rd1 Bd3 48. Nd5+ Ke2 49. Nf4+ Kxd1 0-1

[Event "Sachsen-Anhalt-ch Seniors 23rd"]
[Site "Halberstadt"]
[Date "2015.06.01"]
[Round "2"]
[White "Carli, Guenther"]
[Black "Eberhardt, Michael"]
[Result "1-0"]
[WhiteElo "1930"]
[BlackElo "1682"]
[PlyCount "70"]
[EventDate "2015.05.31"]
[EventType "swiss"]
[EventRounds "7"]
[EventCountry "GER"]
[SourceTitle "EXT 2018"]
[Source "ChessBase"]
[SourceDate "2017.10.13"]
[SourceVersion "1"]
[SourceVersionDate "2017.10.13"]
[SourceQuality "1"]

1. f4 e5 2. fxe5 d6 3. Nf3 Nc6 4. e4 dxe5 5. Bb5 Bd7 6. Bxc6 Bxc6 7. d3 Bc5 8. Qe2 Qd6 9. Nbd2 f6 10. Nc4 Qe6 11. Be3 Bxe3 12. Qxe3 Ne7 13. a4 0-0 14. 0-0 Ng6 15. b4 b6 16. b5 Bd7 17. Ncd2 Nf4 18. g3 Nh3+ 19. Kh1 f5 20. exf5 Rxf5 21. g4 Rf4 22. Nxe5 Raf8 23. Rxf4 Nxf4 24. c4 Bc8 25. d4 Ng6 26. h3 Bb7+ 27. Kg1 Re8 28. Re1 Qd6 29. Ne4 Bxe4 30. Qxe4 Nxe5 31. dxe5 Qe6 32. Kg2 Rd8 33. Kg3 Rd2 34. Qa8+ Kf7 35. Rf1+ Kg6 1-0